000 006400000a22002290004500
003 LK-CoMWRAF
005 20231022152158.0
008 230817t2006 ||||| |||| 00| 0 eng d
020 _a9559950207
040 _aLK-CoMWRAF
_dLK-CoMWRAF
_eLK-CoMWRAF
041 _aeng
082 _a363.325
_bFAR
100 _aFarook, Latheef
245 _aWar on Terrorism:
_bThe Untold Truths
260 _aColombo:
_bSouth Asia News Agency,
_c2006
300 _ax. 446 p. : ill. ; 22 cm.
650 _aTERRORISM
650 _aWar on Terrorism
650 _aPolitical violence-Religious aspects
650 _aIslam and world politics
942 _cBK
999 _c2104
_d2104